| 000 | 00485nam a2200169Ia 4500 | ||
|---|---|---|---|
| 008 | 140527s9999 xx 000 0 und d | ||
| 020 | _a9781420508147 | ||
| 050 |
_aBF 637.B85 _b.M234 2013 |
||
| 100 | _aMacKay, Jenny | ||
| 245 |
_aBullying / _cJenny MacKay. |
||
| 260 |
_aDetroit : _bLucent Books, _cc2013. |
||
| 300 |
_a112 p. : _bill. (chiefly col.) ; _c24 cm. |
||
| 500 | _aIncludes bibliographical references and index. | ||
| 521 | _aGE | ||
| 942 |
_kFOR _cBK |
||
| 999 |
_c117397 _d117397 |
||